MARC details
| 000 -LEADER |
| fixed length control field |
01220cam a22002897a 4500 |
| 001 - CONTROL NUMBER |
| control field |
152790 |
| 003 - CONTROL NUMBER IDENTIFIER |
| control field |
BDDh-ASL |
| 005 - DATE AND TIME OF LATEST TRANSACTION |
| control field |
20231015025723.0 |
| 008 - FIXED-LENGTH DATA ELEMENTS--GENERAL INFORMATION |
| fixed length control field |
980107s1997 ir b 001 0 eng |
| 010 ## - LIBRARY OF CONGRESS CONTROL NUMBER |
| LC control number |
98101546 |
| 035 ## - SYSTEM CONTROL NUMBER |
| System control number |
(DLC) 98101546 |
| 040 ## - CATALOGING SOURCE |
| Original cataloging agency |
DLC |
| Transcribing agency |
DLC |
| Language of cataloging |
BDDh-ASL |
| 041 1# - LANGUAGE CODE |
| Language code of text/sound track or separate title |
eng |
| Language code of original |
per |
| 050 00 - LIBRARY OF CONGRESS CALL NUMBER |
| Classification number |
MLCS 2001/07012 (B) |
| 082 ## - DEWEY DECIMAL CLASSIFICATION NUMBER |
| Classification number |
297.01 |
| Item number |
LAE |
| 100 1# - MAIN ENTRY--PERSONAL NAME |
| Personal name |
Mūsavī Lārī, Mujtabá. |
| 245 10 - TITLE STATEMENT |
| Title |
Ethics and spiritual growth / |
| Statement of responsibility, etc. |
by Sayyid Mujtabā Mūsawī Lārī ; translated by Alī Qulī Qarā ̕ī. |
| 250 ## - EDITION STATEMENT |
| Edition statement |
1st ed. |
| 260 ## - PUBLICATION, DISTRIBUTION, ETC. |
| Place of publication, distribution, etc. |
Qum, Iran : |
| Name of publisher, distributor, etc. |
Foundation of Islamic Cultural Propagation in the World, |
| Date of publication, distribution, etc. |
1997. |
| 300 ## - PHYSICAL DESCRIPTION |
| Extent |
438 p. ; |
| Dimensions |
22 cm. |
| 500 ## - GENERAL NOTE |
| General note |
Summary of this book was published in the journal Maktab-e Islām. |
| 504 ## - BIBLIOGRAPHY, ETC. NOTE |
| Bibliography, etc. note |
Includes bibliographical references (p. 425-430) and indexes. |
| 650 #0 - SUBJECT ADDED ENTRY--TOPICAL TERM |
| Topical term or geographic name entry element |
Ethics, নীতিশাস্ত্র, Nītiśāstra, ˈeTHiks, ধর্মনীতি, নীতিবিজ্ঞান, নীতিশাস্ত্র, ethics, ethic, morality, morals, didactics, deontology |
| 9 (RLIN) |
1504 |
| 906 ## - LOCAL DATA ELEMENT F, LDF (RLIN) |
| a |
7 |
| b |
cbc |
| c |
orignew |
| d |
3 |
| e |
ncip |
| f |
19 |
| g |
y-gencatlg |
| 942 ## - ADDED ENTRY ELEMENTS (KOHA) |
| Source of classification or shelving scheme |
Dewey Decimal Classification |
| Koha item type |
Books |